Sports Quiz

Random Sports or Baseball Quiz

Pitchers - 100 wins and 100 saves Quiz Stats

 Plays Quiz not verified by Sporcle

Score 0/15 Timer 04:00
0 Plays Today
Years/Teams Pitcher % Correct
1988-2009/ATLJohn Smoltz
96.9%
1975-1998/CLE-BOS-CHC-OAK-STLDennis Eckersley
92.4%
1972-1994/CHW-PIT-NYY-SDP-CHC-TEX-OAK-SEARich Gossage
67.3%
1968-1985/OAK-SDP-MILRollie Fingers
66.8%
1952-1972/NYG-BAL-CHW-LADHoyt Wilhelm
58.6%
1988-2009/KCR-BOS-CHC-CHW-NYY-PHITom Gordon
44.8%
1977-1989/BOSBob Stanley
36.6%
1953-1969/PIT-MONRoy Face
31.3%
Years/Teams Pitcher % Correct
1966-1984/ATL-PHI-CHWRon Reed
11.8%
1955-1975/STL-CHC-SFG-NYY-KCRLindy McDaniel
9.9%
1952-1968/STL-NYG-SFG-BAL-ATLStu Miller
7.3%
1962-1977/HOU-STL-PITDave Giusti
6.2%
1923-1936/WSH-DETFirpo Marberry
3.1%
1946-1957/SLB-BOS-CHWEllis Kinder
2.8%
1952-1970/PIT-STL-DET-WSA-MIN-PIT-ATLRon Kline
2%

You're not logged in!

Compare scores with friends on all Sporcle quizzes.
OR
Log In

You Might Also Like...

Show Comments

Extras

Top Quizzes Today


Score Distribution

Your Account Isn't Verified!

In order to create a playlist on Sporcle, you need to verify the email address you used during registration. Go to your Sporcle Settings to finish the process.

Report this User

Report this user for behavior that violates our Community Guidelines.

Details: